|
|
|
|
| LEADER |
01094cam a22002891 4500 |
| 001 |
32573 |
| 003 |
BD-DhAAL |
| 005 |
20180114113122.0 |
| 008 |
180111t1965 xxka b 001 0 eng |
| 999 |
|
|
|c 38966
|d 38966
|
| 010 |
|
|
|a 65024421
|
| 040 |
|
|
|a DLC
|c Wa
|d DLC
|d BD-DhAAL
|
| 050 |
0 |
0 |
|a JF51
|b .A7
|
| 082 |
0 |
0 |
|a 320.91724
|
| 100 |
1 |
|
|a Apter, David E.
|q (David Ernest),
|d 1924-2010.
|9 24584
|
| 245 |
1 |
4 |
|a The politics of modernization /
|c David E. Apter.
|
| 260 |
|
|
|a Chicago,
|b University of Chicago Press
|c [1965]
|
| 300 |
|
|
|a xvi, 481 pages ;
|b illustrations :
|c 22 cm.
|
| 504 |
|
|
|a Includes bibliographical references and index ( pages[465]-481).
|
| 526 |
|
|
|a AAL
|
| 541 |
|
|
|a Development Book Agency
|e 32573
|
| 650 |
|
0 |
|a Comparative government.
|9 24585
|
| 650 |
|
0 |
|a Political science
|x History.
|9 24586
|
| 850 |
|
|
|a WaOE
|
| 852 |
|
|
|a Ayesha Abed Library
|c General Stacks
|
| 942 |
|
|
|2 ddc
|c BK
|
| 952 |
|
|
|0 0
|1 0
|2 ddc
|4 0
|6 320_917240000000000_APT
|7 0
|9 62569
|a BRACUL
|b BRACUL
|c GEN
|d 2018-01-10
|e Development Book Agency
|g 4300.00
|l 0
|o 320.91724 APT
|p 3010032573
|r 2018-01-10
|t 1
|v 4300.00
|w 2018-01-10
|y BK
|